| 000 | 00372 a2200145 4500 | ||
|---|---|---|---|
| 001 | 169290 | ||
| 020 | _a | ||
| 040 | _cMagnum | ||
| 100 | _aAgencia Regional de Noticias | ||
| 240 | 1 | 0 |
_aClipping em educacao - 20/09/99 a 26/09/99 - ano - nº _lpor |
| 245 | 1 | 0 | _aClipping em educacao - 20/09/99 a 26/09/99 - ano - nº |
| 362 | 0 | _a1899 | |
| 697 | _aENSINO | ||
| 942 | _cBK | ||
| 999 |
_c169290 _d169290 |
||